000 00238 a2200097 4500
001 49163
100 _aHafiz Ahmad Yar
245 _aIslamiyat for Degree Classes
260 _aRawalpindi
_bAllama Iqbal Open Univ
_c
090 _c31855
_d31855
942 _aNUST-CAE
_cM
_c24286
999 _c284236
_d284236